Afryka - Statystyki

Ogólne statystyki
  • Ten quiz został rozwiązany 70 razy
  • Średni wynik to 13 z 15
Odpowiedzi na mapie
Odpowiedzi zakodowano w zielono-czerwonej skali na mapie do tego quizu, zgodnie z poniższymi procentami.
 
Statystyki odpowiedzi
Odpowiedź % Poprawnych
Demokratyczna Republika Konga
96%
Egipt
94%
Madagaskar
94%
Algieria
92%
Maroko
90%
Nigeria
88%
Republika Południowej Afryki
88%
Etiopia
86%
Somalia
84%
Sudan
84%
Senegal
80%
Wybrzeże Kości Słoniowej
76%
Botswana
69%
Kamerun
67%
Ghana
65%
Nie znaleziono quizów pasujących do podanych kryteriów
Rozkład punktacji
Procent ludzi z każdym wynikiem
Percentyl według liczby udzielonych odpowiedzi
Twoja historia wyników
Nie rozwiązałeś tego quizu